Provinces d'Algérie - Statistiques

Statistiques générales
  • Ce quiz a été pris 66 fois
  • Le résultat moyen est 25 sur 58
Statistiques - réponses
Wilaya % Correct
Alger
93%
Oran
89%
Béjaïa
82%
Constantine
81%
Tizi Ouzou
79%
Tlemcen
79%
Sétif
77%
Annaba
74%
Blida
68%
Tipaza
67%
Biskra
63%
Chlef
63%
Mostaganem
63%
Adrar
61%
Boumerdès
61%
Jijel
61%
Tamanrasset
56%
Bouira
54%
Djelfa
54%
Béchar
53%
Sidi Bel Abbès
53%
Mascara
51%
Batna
49%
Skikda
49%
M'Sila
44%
Tindouf
44%
Bordj Bou Arreridj
40%
Laghouat
40%
Tébessa
40%
Tiaret
40%
Ghardaïa
39%
Guelma
39%
Djanet
37%
El Oued
35%
Mila
35%
Relizane
33%
Aïn Témouchent
32%
Ouargla
32%
Saïda
32%
Timimoun
32%
Khenchela
30%
Illizi
28%
Médéa
28%
Souk Ahras
26%
Naâma
25%
Bordj Badji Mokhtar
18%
El Bayadh
18%
El Tarf
18%
Oum El Bouaghi
18%
Tissemsilt
18%
In Guezzam
14%
Ouled Djellal
14%
Béni Abbès
12%
In Salah
12%
Touggourt
12%
Defla
9%
El Meniaa
5%
M'Ghair
2%
Aucun quiz correspondant
Distribution des résultats
% des personnes avec chaque résultat
Percentile par nombre de réponses
Votre historique - résultats
Vous n’avez pas pris ce quiz